000 00225 a2200097 4500
001 44454
100 _aChen
245 _aComparative Development of India & China
260 _aNew York
_bFree Press
_c
090 _c28167
_d28167
942 _aNUST-CAE
_cM
_c20188
999 _c279527
_d279527